បទល្មើសព្រៃឈើនៅកម្ពុជា និង វិធានការ (Record no. 2962)

000 -LEADER
fixed length control field 00488nam a22001577a 4500
003 - CONTROL NUMBER IDENTIFIER
control field OSt
005 - DATE AND TIME OF LATEST TRANSACTION
control field 20151102103349.0
008 - FIXED-LENGTH DATA ELEMENTS--GENERAL INFORMATION
fixed length control field 151102b xxu||||| |||| 00| 0 eng d
040 ## - CATALOGING SOURCE
Transcribing agency RUA
082 ## - DEWEY DECIMAL CLASSIFICATION NUMBER
Classification number FOR ស៊ូ 1993 B118 Or.1
100 ## - MAIN ENTRY--PERSONAL NAME
9 (RLIN) 3174
Personal name ស៊ូ សុន្ទរ៉ា
245 ## - TITLE STATEMENT
Title បទល្មើសព្រៃឈើនៅកម្ពុជា និង វិធានការ
260 ## - PUBLICATION, DISTRIBUTION, ETC. (IMPRINT)
Place of publication, distribution, etc. Phnom Penh
Name of publisher, distributor, etc. RUA
Date of publication, distribution, etc. 1993
300 ## - PHYSICAL DESCRIPTION
Extent 68p.
Other physical details ill.
Dimensions 29cm.
942 ## - ADDED ENTRY ELEMENTS (KOHA)
Source of classification or shelving scheme
Koha item type FOR
Holdings
Price effective from Date last seen Permanent Location Not for loan Date acquired Source of classification or shelving scheme Koha item type Lost status Withdrawn status Date last checked out Total Checkouts Shelving location Damaged status Barcode Current Location Full call number
2015-11-022016-07-06Library Block B 2015-11-02 FOR  2016-07-061B118 RUA027755Library Block BFOR ស៊ូ 1993 B118 Or.1
2015-11-022015-11-02Library Block B 2015-11-02 FOR    B118 RUA027683Library Block BFOR ស៊ូ 1993 B118 Or.2
2015-11-022015-11-02Library Block B 2015-11-02 FOR    B118 RUA027617Library Block BFOR ស៊ូ 1993 B118 Or.3
2015-11-022015-11-02Library Block B 2015-11-02 FOR    B118 RUA027545Library Block BFOR ស៊ូ 1993 B118 Or.4
មជ្ឈមណ្ឌលឯការនៃសាកលវិទ្យាល័យភូមិន្ទកសិកម្មចំការដូង

Powered by Koha